| 000 | 01218nam0a2200337 4500 | ||
|---|---|---|---|
| 001 | RU\NLR\bibl\400822 | ||
| 005 | 20260405112912.0 | ||
| 010 |
_a5-699-02027-6 _95000 |
||
| 021 |
_aRU _b2003-14473 _9677 |
||
| 035 | _a(NLR Aleph) 000394996 | ||
| 090 |
_a539368 _c539368 |
||
| 100 | _a20030520d2003 |||y0rusy50 ca | ||
| 101 | 0 | _arus | |
| 102 | _aRU | ||
| 105 | _aa ||||||||| | ||
| 200 | 1 |
_aБани, сауны, бассейны _eТипы, проектирование и стр-во _fВ.С. Синельников |
|
| 210 |
_aМ. _cЭКСМО _d2003 |
||
| 215 |
_a205 с. _cил. _d24 |
||
| 300 | _aНа обл. авт. не указан | ||
| 606 | 0 |
_aБани _91097391 _3RU\NLR\auth\66112115 |
|
| 606 | 0 |
_aСауны _92154099 _3RU\NLR\auth\661296941 |
|
| 606 | 1 |
_aБани финские _91099155 _3RU\NLR\auth\66113041 |
|
| 606 | 0 |
_aИндивидуальные бассейны _92171628 _3RU\NLR\auth\661306288 |
|
| 686 | _aН712.61 | ||
| 686 | _aН712.824 | ||
| 700 | 1 |
_4070 _8rus _7ca _aСинельников _bВ. С. _gВладимир Соломонович _3RU\NLR\auth\7743651 _926594 |
|
| 801 | 0 |
_aRU _bNLR _c20030520 _gPSBO |
|
| 801 | 1 |
_aRU _bNLR _c20030520 |
|
| 942 | _cBOOK | ||
| 980 | _aNB | ||